000
00242nam a22000977a 4500
999
_c
16203
_d
16203
003
OSt
008
200623b ||||| |||| 00| 0 eng d
100
_a
K N vasudeva panikkar
_9
4623
245
_a
General English for Pre-degree classes
942
_c
BK